| 000 | 00970nam a22003017a 4500 | ||
|---|---|---|---|
| 001 | 645 | ||
| 005 | 20230628085623.0 | ||
| 008 | 230628b cb ||||| |||| 00| 0 eng d | ||
| 020 | _a9780803731929 (lib. bdg.) | ||
| 040 |
_aDLC _cDLC _dDLC _beng |
||
| 050 | 0 | 0 |
_aPZ7.S549 _bIm 2007 |
| 082 | 0 | 0 |
_a[E] _222 |
| 100 | 1 | _aSherry, Kevin. | |
| 245 | 1 | 0 |
_aI'm the biggest thing in the ocean / _cby Kevin Sherry. |
| 250 | _aFirst Scholastic printing, May 2008. | ||
| 260 |
_aNew York : _bScholastic, _c2007. |
||
| 300 |
_a40 unnumbered pages : _bcolor illustrations ; _c23 cm. |
||
| 505 | _aD | ||
| 520 | _aA giant squid brags about being bigger than everything else in the ocean--almost. | ||
| 521 |
_a200
_bLexile |
||
| 521 |
_aD
_bRaz-Plus |
||
| 650 | 1 |
_aGiant squids _vFiction. |
|
| 650 | 1 |
_aSquids _vFiction. |
|
| 650 | 1 |
_aMarine animals _vFiction. |
|
| 650 | 1 |
_aSize _vFiction. |
|
| 906 |
_a7 _bcbc _corignew _d1 _eecip _f20 _gy-gencatlg |
||
| 942 |
_2ddc _cBK _n0 |
||
| 999 |
_c645 _d645 |
||